Matemáticas : (Registro nro. 7949)
[ vista simple ]
| 000 -LEADER | |
|---|---|
| fixed length control field | 02785nam a2200397 a 4500 |
| 001 - CONTROL NUMBER | |
| control field | 000032436 |
| 003 - CONTROL NUMBER IDENTIFIER | |
| control field | DO-SdBNP |
| 005 - DATE AND TIME OF LATEST TRANSACTION | |
| control field | 20150708132234.0 |
| 007 - PHYSICAL DESCRIPTION FIXED FIELD--GENERAL INFORMATION | |
| fixed length control field | 000032436 |
| 008 - FIXED-LENGTH DATA ELEMENTS--GENERAL INFORMATION | |
| fixed length control field | 150130s2014 dr ac 000 0 spa d |
| 020 ## - INTERNATIONAL STANDARD BOOK NUMBER | |
| International Standard Book Number | 9789945118841 (v. 1) |
| 020 ## - INTERNATIONAL STANDARD BOOK NUMBER | |
| International Standard Book Number | 9789945118858 (v. 2) |
| 020 ## - INTERNATIONAL STANDARD BOOK NUMBER | |
| International Standard Book Number | 9789945118865 (v. 3) |
| 040 ## - CATALOGING SOURCE | |
| Original cataloging agency | BPMSU |
| Language of cataloging | spa |
| Transcribing agency | BPMSU |
| 100 1# - MAIN ENTRY--PERSONAL NAME | |
| Personal name | Molina Moloon, Andrés |
| 245 10 - TITLE STATEMENT | |
| Title | Matemáticas : |
| Remainder of title | educación primaria / |
| Statement of responsibility, etc. | Andrés Molina Moloon ; dirección editorial Claudia Llibre ; ilustraciones Ruddy Núñez. |
| 260 ## - PUBLICATION, DISTRIBUTION, ETC. (IMPRINT) | |
| Place of publication, distribution, etc. | Santo Domingo : |
| Name of publisher, distributor, etc. | Santillana, |
| Date of publication, distribution, etc. | 2014. |
| 300 ## - PHYSICAL DESCRIPTION | |
| Extent | 8 v : |
| Other physical details | il., retrs., + CD Room ; |
| Dimensions | 28 cm. |
| 490 1# - SERIES STATEMENT | |
| Series statement | Proyecto todos juntos |
| 500 ## - GENERAL NOTE | |
| General note | La biblioteca solamente posee los libros 1, 2 y 3 y la guia del volumen 3. |
| 500 ## - GENERAL NOTE | |
| General note | Incluye guía didáctica, recursos didácticos para el profesorado |
| 500 ## - GENERAL NOTE | |
| General note | Cada número incluye CD |
| 505 0# - FORMATTED CONTENTS NOTE | |
| Miscellaneous information | v. 1 : |
| -- | Evaluación diagnóstica -- |
| Title | En el recreo -- |
| -- | De paseo al acuario -- |
| -- | Mi rincón favorito -- |
| -- | Avioncitos en el aire -- |
| Miscellaneous information | Proyecto 1: mi agenda semanal -- |
| Title | En la fila -- |
| -- | En la tienda de mascotas -- |
| -- | El carnaval del colegio -- |
| -- | De fin de semana -- |
| Miscellaneous information | Proyecto 2: con papel y tijeras -- |
| Title | Un patrimonio de todos -- |
| -- | El cumpleaños de Sara -- |
| -- | Los gupis de Mario -- |
| -- | El colmado de Tomás -- |
| -- | En la heladería -- |
| Miscellaneous information | Proyecto 3: construcciones de cuerpos geométricos -- |
| 505 0# - FORMATTED CONTENTS NOTE | |
| Miscellaneous information | v. 2 : |
| -- | Evaluación diagnóstica -- |
| Title | Mi nuevo curso -- |
| -- | Cuido la naturaleza -- |
| -- | Un largo fin de semana -- |
| Miscellaneous information | Proyecto 1: ¿qué hacemos a favor de una ciudad sana? -- |
| Title | En el huerto escolar -- |
| -- | Una tarde deliciosa -- |
| -- | Un día para jugar -- |
| -- | Pasear por la ciudad -- |
| -- | ¡Cómo estoy creciendo! |
| Miscellaneous information | Proyecto 2: construcción de un metro de cartulina -- |
| Title | Comienza un nuevo día -- |
| -- | En la kermese -- |
| -- | En la juguetería -- |
| -- | ¡Llegan las vacaciones! -- |
| Miscellaneous information | Proyecto 3: ¡hagamos un portalápices! -- |
| 505 0# - FORMATTED CONTENTS NOTE | |
| Miscellaneous information | v. 3 : |
| -- | Evaluación diagnóstica -- |
| Title | Las unidades de millar -- |
| -- | Adición y sustración -- |
| -- | Multiplicación -- |
| -- | División -- |
| Miscellaneous information | Proyecto 1: cuentos matemáticos -- |
| Title | Decenas de millar -- |
| -- | Fracciones -- |
| -- | Unidades de longitud -- |
| -- | Área -- |
| Miscellaneous information | Proyecto 2: construcción de un geoplano -- |
| Title | Ángulos -- |
| -- | Figuras y cuerpos geométricos -- |
| -- | Medidas -- |
| -- | Recolección y análisis de datos -- |
| Miscellaneous information | Proyecto 3: Matemáticas en la prensa -- |
| 700 1# - ADDED ENTRY--PERSONAL NAME | |
| Personal name | Llibre, Claudia |
| Relator term | ed. |
| 700 1# - ADDED ENTRY--PERSONAL NAME | |
| Personal name | Núñez, Ruddy |
| Relator term | il. |
| 830 #0 - SERIES ADDED ENTRY--UNIFORM TITLE | |
| Uniform title | Proyecto todos juntos |
| 930 #1 - EQUIVALENCE OR CROSS-REFERENCE-UNIFORM TITLE HEADING [LOCAL, CANADA] | |
| Language of a work | BND01 |
| Medium of performance for music | LF1 |
| Field link and sequence number | 20110718 |
| Date of a work | 01 |
| Name of part/section of a work | HD |
| Miscellaneous information | 27780 |
| Medium | v. 1 |
| 930 #1 - EQUIVALENCE OR CROSS-REFERENCE-UNIFORM TITLE HEADING [LOCAL, CANADA] | |
| Language of a work | BND01 |
| Medium of performance for music | LF1 |
| Field link and sequence number | 20110726 |
| Date of a work | 01 |
| Name of part/section of a work | HD |
| Miscellaneous information | 27780 |
| Medium | v. 2 |
| 930 #1 - EQUIVALENCE OR CROSS-REFERENCE-UNIFORM TITLE HEADING [LOCAL, CANADA] | |
| Language of a work | BND01 |
| Medium of performance for music | LF1 |
| Field link and sequence number | 20110726 |
| Date of a work | 04 |
| Name of part/section of a work | HD |
| Miscellaneous information | 27780 |
| Medium | v. 3 |
| 930 #1 - EQUIVALENCE OR CROSS-REFERENCE-UNIFORM TITLE HEADING [LOCAL, CANADA] | |
| Language of a work | BND01 |
| Medium of performance for music | LF1 |
| Field link and sequence number | 20110726 |
| Date of a work | 04 |
| Name of part/section of a work | HD |
| Miscellaneous information | 27780 |
| Medium | v. 3, guía |
| 942 ## - ADDED ENTRY ELEMENTS (KOHA) | |
| Source of classification or shelving scheme | Dewey Decimal Classification |
| Koha item type | Libros |
| 956 ## - LOCAL ELECTRONIC LOCATION AND ACCESS (OCLC) | |
| Host name | YLOCKWARD |
| Access number | 10 |
| Compression information | 20150702 |
| Logon | BND01 |
| Processor of request | 1429 |
| 956 ## - LOCAL ELECTRONIC LOCATION AND ACCESS (OCLC) | |
| Host name | Vmateo |
| Access number | 10 |
| Compression information | 20150708 |
| Logon | BPMSU |
| Processor of request | 00151 |
No hay ítems disponibles.